000
00321 a2200109 4500
001
ART_40699
005
20260410162005.0
008
260409a
245
1
0
_a
El nombre en las personas humanas
100
1
_a
Montalto, Ana M.
773
0
_t
Temas de derecho civil
_g
- Año 2, Nº 11 (nov. 2016)
_w
REV34778
999
_c
31652
_d
31652